Statistics for NBA All-TimeRosters(Houston Rockets-New York Knicks)#2

Click here to take the quiz!

General Stats

  • This quiz has been taken 80 times
  • The average score is 54 of 106

Answer Stats

Answer% Correct
Hakeem Olajuwon
98%
Reggie Miller
92%
James Harden
92%
Mike Miller
92%
Shaquille O'neal
90%
Pau Gasol
90%
Marc Gasol
90%
Kobe Bryant
90%
LeBron James
90%
Chris Paul
88%
Lew Alcindor
88%
Magic Johnson
88%
Kareem Abdul-Jabbar
88%
Dwyane Wade
84%
Marques Johnson
82%
Paul George
82%
David West
82%
Jerry West
82%
Chris Bosh
80%
Deandre Jordan
80%
Phil Jackson
80%
Jermaine O'neal
80%
Kevin Garnett
78%
James Worthy
78%
Blake Griffin
78%
Anthony Davis
76%
Patrick Ewing
76%
Alonzo Mourning
75%
Giannis Antetokounmpo
75%
Tracy Mcgrady
73%
Baron Davis
73%
Elgin Baylor
71%
Ray Allen
69%
Karl-Anthony Towns
69%
Yao Ming
67%
Walt Frazier
67%
Mike Conley
67%
Clyde Drexler
65%
Randy Smith
65%
Jason Williams
63%
Jrue Holiday
61%
Rik Smits
61%
Oscar Robertson
59%
Andrew Wiggins
59%
Willis Reed
59%
Kevin Love
57%
Rudy Tomjanovich
57%
Zach Randolph
57%
Bob McAdoo
57%
Tim Hardaway
55%
Moses Malone
55%
Erik Spoelstra
51%
Jimmy Butler
49%
Ricky Rubio
49%
Glen Rice
47%
Steve Francis
47%
Hassan Whiteside
47%
Elton Brand
45%
Eddie Jones
43%
Charles Barkley
43%
Doc Rivers
43%
Sidney Moncrief
43%
Rudy Gay
41%
AC Green
41%
Allan Houston
39%
Dave Debusschere
39%
Michael Redd
37%
Stephon Marbury
37%
Shane Battier
37%
Gail Goodrich
35%
Goran Dragic
35%
Eric Gordon
33%
PJ Brown
31%
Shareef Abdur-Rahim
31%
Roger Brown
31%
Calvin Murphy
31%
Latrell Sprewell
29%
Corey Maggette
29%
Wally Szczerbiak
25%
Robert Dandridge
25%
Andrew Bogut
25%
World Free
24%
Byron Scott
24%
Peja Stojakovic
24%
Tyreke Evans
22%
Christian Laettner
22%
George McGinnis
22%
Terry Cummings
22%
Ron Harper
22%
OJ Mayo
20%
Freddie Lewis
20%
Red Holzman
18%
Flip Saunders
18%
Tom Gugliotta
18%
Emeka Okafor
16%
Bobby Leonard
14%
Terrell Brandon
14%
Bill Cartwright
14%
Richard Guerin
12%
Billy Knight
10%
Mel Daniels
8%
Ken Norman
8%
Harry Gallatin
8%
Lionel Hollins
8%
Larry Costello
6%
Vern Fleming
6%

Score Distribution

Percentile by Number Answered

Percent of People with Each Score

Your Score History

You have not taken this quiz